Příručka pro vlastníky nemovitostí Postup při přejímání domů do správy. Povinnosti vlastníka. Doklady k nemovitosti a jejímu provozu

Salvato in:
Dettagli Bibliografici
Autore principale: Kohner, Vilém
Natura: Libro
Lingua:ceco
Pubblicazione: Praha Prospektrum 1993
Edizione:1. vyd.
Soggetti:
Tags: Aggiungi Tag
Nessun Tag, puoi essere il primo ad aggiungerne!!

MARC

LEADER 00000nam a2200000 4500
001 c003817
005 20221206075636.4
020 |a 80-85431-70-X 
041 0 |a cze 
044 |a CZ 
245 1 0 |a Příručka pro vlastníky nemovitostí  |b Postup při přejímání domů do správy. Povinnosti vlastníka. Doklady k nemovitosti a jejímu provozu  |c Vilém Kohner a kol. 
250 |a 1. vyd. 
264 1 |a Praha  |b Prospektrum  |c 1993 
300 |a 274 s. 
610 2 0 |a nehnuteľnosti 
610 2 0 |a predpisy právne 
610 2 0 |a komentáre 
610 2 0 |a vlastníctvo súkromné 
610 2 0 |a Česko 
610 2 0 |a zmluvy pracovné 
610 2 0 |a byty 
100 1 |a Kohner, Vilém